MARC

LEADER 00000nam0a2200000 4500
001 29112
005 20231030203148.0
010 |a 53450045X 
035 |a (RuTPU)RU\TPU\book\29371 
035 |a BOOK00000082 
090 |a 29112 
100 |a 20011209d1992 m y0rusy50 ca 
101 0 |a rus 
102 |a BY 
105 |a а z 000zy 
200 1 |a Наш дом  |f Э. П. Луканский 
210 |a Минск  |c Полымя  |d 1992 
215 |a 222 с.  |c ил. 
610 1 |a домоводство 
610 1 |a жилые помещения 
610 1 |a благоустройство 
610 1 |a ремонт 
610 1 |a садовые домики 
610 1 |a проектирование 
610 1 |a садово-огородные участки 
610 1 |a бани 
610 1 |a сауны 
610 1 |a постройка 
610 1 |a печи 
610 1 |a камины 
610 1 |a кладка 
610 1 |a малярные работы 
610 1 |a обойные работы 
610 1 |a ремонт полов 
675 |a 643  |v 3 
700 1 |a Луканский  |b Э. П.  |g Эдуард Петрович 
801 0 |a BY  |b 63413507  |c 20011209  |g PSBO 
801 2 |a RU  |b 63413507  |c 20180720  |g PSBO 
942 |c BK